| 000 | 01075cam a2200313 a 4500 | ||
|---|---|---|---|
| 001 | 15819849 | ||
| 003 | OSt | ||
| 005 | 20150408114109.0 | ||
| 008 | 090716s2010 nyua b 001 0 eng | ||
| 010 | _a 2009026378 | ||
| 020 | _a9780071622950 (alk. paper) | ||
| 020 | _a71622950 | ||
| 020 | _a97871622950 | ||
| 020 | _a0071622950 (alk. paper) | ||
| 035 | _a(OCoLC)ocn318409243 | ||
| 040 |
_aDLC _cDLC _dBTCTA _dC#P _dBWX _dCDX _dYDXCP _dDLC |
||
| 050 | 0 | 0 |
_aT174.7 _b.S515 2010 |
| 050 | 4 | _aTP248.25 | |
| 082 | 0 | 0 |
_a620.5 _222 _bSKN |
| 100 | 1 |
_aSharma, Kal Renganathan. _919368 |
|
| 245 | 1 | 0 |
_aNanostructuring operations in nanoscale science and engineering / _cKal Renganathan Sharma. |
| 260 |
_aNew York : _bMcGraw-Hill, _cc2010. |
||
| 300 |
_axii, 292 p. : _bill. ; _c24 cm. |
||
| 504 | _aIncludes bibliographical references and index. | ||
| 650 | 0 | _aNanotechnology. | |
| 906 |
_a7 _bcbc _corignew _d1 _eecip _f20 _gy-gencatlg |
||
| 942 |
_2ddc _cDVD |
||
| 999 |
_c26760 _d261260 |
||